Statistiques concernant Capitales d'Océanie

Cliquez ici pour prendre le quiz!

Statistiques générales

  • Ce quiz a été pris 27 fois
  • Le résultat moyen est 10 sur 24

Statistiques - réponses

HintRéponse% Correct
AustralieCanberra
96%
Nouvelle-ZélandeWellington
91%
FidjiSuva
83%
Papouasie Nouvelle-GuinéePort-Moresby
70%
TuvaluFunafuti
65%
VanuatuPort-Vila
65%
SamoaApia
61%
Nouvelle Calédonie (appartenance à la France)Nouméa
61%
Îles SalomonHoniara
57%
Polynésie Française (appartenance à la France)Papeete
52%
NauruYaren
52%
États fédérés de MicronésiePalikir
48%
KiribatiTarawa
48%
TongaNuku'Alofa
39%
Îles MarshallMajuro
35%
PalaosNgerulmud
30%
Wallis et Futuna (appartenance à la France)Matā'utu
13%
Îles Pitcairn (appartenance au Royaume-Uni)Adamstown
9%
Niue (appartenance à la Nouvelle-Zélande)Alofi
9%
Îles Cook (appartenance à la Nouvelle-Zélande)Avarua
9%
Guam (appartenance aux États-Unis)Hagåtña
9%
Îles Norfolk (appartenance à l'Australie)Kingston
9%
Samoa Américaines (appartenance aux États-Unis)Pago Pago
4%
Îles Marianne du Nord (appartenance aux États-Unis)Saipan
4%

Distribution des résultats

Percentile par nombre de réponses

% des personnes avec chaque résultat

Votre développement - résultats

Vous n’avez pas pris ce quiz